6 Least Guessed Countries per Continent - Statistics

General Stats
  • This quiz has been taken 86 times
    35 since last reset
  • The average score is 28 of 36
Answer Stats
Hint Answer % Correct
46% Guyana
94%
25% Nauru
94%
28% Vanuatu
94%
60% Ecuador
91%
65% Paraguay
91%
44% Suriname
91%
67% Bolivia
89%
30% East Timor
89%
27% Palau
89%
29% Saint Kitts and Nevis
89%
28% Tuvalu
86%
26% Kiribati
83%
31% Saint Lucia
83%
26% Saint Vincent and the Grenadines
83%
32% Brunei
80%
25% Sao Tome and Principe
80%
30% Antigua and Barbuda
77%
27% Grenada
77%
28% Marshall Islands
77%
40% San Marino
77%
26% Comoros
74%
44% Liechtenstein
74%
46% Monaco
74%
46% Montenegro
74%
42% Tajikistan
74%
67% Venezuela
74%
48% Andorra/Moldova
71%
32% Cape Verde
71%
32% Equatorial Guinea
71%
45% Kosovo
71%
41% Kyrgyzstan
71%
36% Bahrain
69%
40% Maldives
69%
31% Burundi
63%
38% Barbados
60%
29% Guinea-Bissau
54%
No matching quizzes found
Score Distribution
Percent of People with Each Score
Percentile by Number Answered
Your Score History
You have not taken this quiz since the last reset